|
|
|
|
| LEADER |
00853cam a2200217 i 4500 |
| 008 |
780804s1978 enkaf b 001 0beng |
| 010 |
|
|
|a 78307712
|
| 015 |
|
|
|a GB***
|
| 020 |
|
|
|a 0710087764:
|c £5.95
|
| 082 |
0 |
0 |
|a 821/.8
|a B
|
| 100 |
1 |
|
|a Henderson, Philip,
|
| 245 |
1 |
0 |
|a Tennyson, poet and prophet /
|c Philip Henderson.
|
| 260 |
|
|
|a London :
|b Routledge & K. Paul,
|c 1978.
|
| 300 |
|
|
|a xix, 225 p., [7] leaves of plates :
|b ill. ;
|c 24 cm.
|
| 504 |
|
|
|a Includes bibliographical references and index.
|
| 600 |
1 |
0 |
|a Tennyson, Alfred Tennyson,
|c Baron,
|d 1809-1892.
|
| 650 |
|
0 |
|a Poets, English
|y 19th century
|x Biography.
|
| 906 |
|
|
|a 7
|b cbc
|c orignew
|d 3
|e ncip
|f 19
|g y-gencatlg
|
| 942 |
|
|
|c BK
|
| 999 |
|
|
|c 197625
|d 197625
|
| 952 |
|
|
|0 0
|1 0
|4 0
|6 821_800000000000000_HEN_T
|7 0
|9 218515
|a ENG
|b ENG
|c ST1
|d 2017-04-05
|i 11794
|l 0
|o 821.8 HEN/T
|p ENG11794
|r 2017-04-05
|w 2018-08-21
|y BK
|